000 00508nam a2200169Ia 4500
999 _c10279
_d10279
003 OSt
005 20200103141707.0
008 190216s9999||||xx |||||||||||||| ||und||
040 _coclc
082 _a332.10954
_bMIT/B
100 _aMithani, D M
_9552
245 0 _aBanking Theory And Practice /
_cD M Mithani ; E Gordon
260 _bHimalaya Publishing House,
_c1998.
_aNew Delhi:
300 _a193p
650 _aEconomics
942 _cBK
_2ddc
_h332.10954
_iMIT/B
_k332.10954
_mMIT/B